| 000 | 00489nam a2200169 4500 | ||
|---|---|---|---|
| 001 | 136030 | ||
| 003 | ES-MaACL | ||
| 005 | 20230906195023.0 | ||
| 007 | t| | ||
| 008 | 070214s1978 sp r ||||1| cat d | ||
| 100 | 1 |
_aRovira i Virgili, A. _9100148 |
|
| 245 | 1 | 3 |
_aEl nacionalisme / _cA. Rovira i Virgili ; próleg de Josep Benet. |
| 260 |
_aBarcelona : _bCotal, _c1978. |
||
| 300 |
_a146 p., 2 lám. ; _c19 cm. |
||
| 700 | 1 |
_aBenet, Josep. _927535 |
|
| 852 |
_aES-MaACL _jA-9156 _bR.98547 |
||
| 999 |
_c136030 _d136030 |
||